Spécialités culinaires de Nice et ses alentours - Statistiques

Statistiques générales
  • Ce quiz a été pris 41 fois
  • Le résultat moyen est 11 sur 20
Statistiques - réponses
Par images Réponse % Correct
Huile d'olive
90%
Salade niçoise
90%
Pan Bagnat
86%
Socca
86%
Tapenade
86%
Pissaladière
83%
Raviolis
66%
Gnocchis
62%
Daube
55%
Ratatouille
55%
Farcis
52%
Pistou
48%
Fougasse
45%
Tourte aux blettes
45%
Merda di can
31%
Panisse
28%
Ganses
21%
Beignet de fleurs de courgette
14%
Coca
14%
Violettes cristallisées
7%
Aucun quiz correspondant
Distribution des résultats
% des personnes avec chaque résultat
Percentile par nombre de réponses
Votre historique - résultats
Vous n’avez pas pris ce quiz